• 首页
  • 本馆介绍
  • 公告通知
  • 最新文献
  • 馆藏检索
  • 电子资源
  • 读者导购
  • 参考咨询
  • 我的图书馆
  • 登录
  • 详细信息显示
  • 放入我的书架
  • 预约/预借图书
  • 作者相关作品
  • 分类相关作品
  • 丛书相关作品
  • 出版社相关作品

书目信息

  • 表格格式
  • 工作单格式
  • 卡片格式
题名:
南苏关系
    
 
作者: 克利索德 编 ;河南师范大学外语系英语翻译组 译
分册:  
出版信息: 北京   人民出版社  1980
页数: 574页
开本: 19cm
丛书名:
单 册:
中图分类: D854.32
科图分类:
主题词:
电子资源:
ISBN:
000 00923nam0 2200265 45
001 0180007830
005 20050630151504.1
010    @dCNY1.80
091    @a3001.1764
100    @a19950526d1980 em y0chiy0121 ea
101 1  @achi@ceng
102    @aCN@b110000
105    @ay z 000yy
200 10 @a南苏关系@Anan su guan xi@e1939-1973年@E1939-1973 Nian@EWen Jian Yu Ping Zhu@e文件与评注@f(英)斯蒂芬·克利索德编@F(Ying)Si Di Fen·Ke Li Suo De Bian@g河南师范大学外语系英语翻译组译
210    @a北京@c人民出版社@d1980
215    @a574页@d19cm
517    @a1939-1973年@A1939-1973 Nian
517    @a文件与评注@AWen Jian Yu Ping Zhu
607    @a对外关系@y南斯拉夫
690    @aD854.32@v3
701  0 @a克利索德@4编
712 02 @a河南师范大学外语系英语翻译组@Ahe nan shi fan da xue wai yu xi ying yu fan yi zu@4译
801  0 @aCN@b上海图书馆@c20031217
801  2 @aCN@bNLC@c20031217
905    @dD854.32@e5@f1@b173447
    
    南苏关系:1939-1973年:文件与评注/(英)斯蒂芬·克利索德编/河南师范大学外语系英语翻译组译.-北京:人民出版社,1980
    574页;19cm
    
    
    ISBN :CNY1.80
    
●
相关链接 在E读中查询图书 在五车中查询图书 在当当中查询图书 在豆瓣中查询图书


正题名:南苏关系     索取号:D854.32/5         预约/预借

序号 登录号 条形码 馆藏地/架位号 状态 备注
1 0057741   001016055   第一借阅区/ [索取号:D854.32/5] 在馆    
2 0057742   001016046   第一借阅区/ [索取号:D854.32/5] 在馆    
3 0057744   001016037   第一借阅区/ [索取号:D854.32/5] 在馆    
4 0057745   001027819   第一借阅区/ [索取号:D854.32/5] 在馆    
5 0173446   001662105   密集书库/ [索取号:D854.32/5] 在馆    
6 0173447   001027828   第一样本阅览室/ [索取号:D854.32/5] 在馆    
唐山师范学院图书馆 欢迎您!
大连网信软件有限公司© 版权所有